Essentials of health management / (Record no. 41224)
[ view plain ]
| 000 -LEADER | |
|---|---|
| fixed length control field | 00889nam a22002417a 4500 |
| 005 - DATE AND TIME OF LATEST TRANSACTION | |
| control field | 20100812105619.0 |
| 010 ## - LCCN (DPL NO) | |
| LC control number | ENG-99806 |
| 020 ## - INTERNATIONAL STANDARD BOOK NUMBER | |
| International Standard Book Number | 9788185578910 |
| Terms of availability | 395.00 |
| 035 ## - SYSTEM CONTROL NUMBER | |
| System control number | EN-83338 |
| 037 ## - SOURCE OF ACQUISITION | |
| Source of stock number/acquisition | DBAD/PUB |
| 082 ## - DEWEY DECIMAL CLASSIFICATION NUMBER | |
| Classification number | 362.10954 |
| 100 ## - MAIN ENTRY--PERSONAL NAME | |
| Personal name | Kartikeyan, S. |
| 245 ## - TITLE STATEMENT | |
| Title | Essentials of health management / |
| Statement of responsibility, etc | by S. Kartikeyan [and] Abhinav R. Chaturvedi |
| 260 ## - PUBLICATION, DISTRIBUTION, ETC. (IMPRINT) | |
| Place of publication, distribution, etc | Mumbai |
| Name of publisher, distributor, etc | Bhalani Publishing House |
| Date of publication, distribution, etc | 2009 |
| 270 ## - ADDRESS | |
| Address | 11 Mavawala Building Opp.K.E.M. Hospital Parel |
| City | Mumbai |
| 300 ## - PHYSICAL DESCRIPTION | |
| Extent | xii,394p.: |
| Other physical details | ill. |
| Dimensions | 25cm (pbk) |
| 500 ## - GENERAL NOTE | |
| General note | Includes index |
| 650 ## - SUBJECT ADDED ENTRY--TOPICAL TERM | |
| Topical term or geographic name as entry element | Health Service Admistration |
| 650 ## - SUBJECT ADDED ENTRY--TOPICAL TERM | |
| Topical term or geographic name as entry element | India |
| 700 ## - ADDED ENTRY--PERSONAL NAME | |
| Personal name | Chaturvedi, Abhinav R. |
| 9 (RLIN) | 11479 |
| 942 ## - ADDED ENTRY ELEMENTS (KOHA) | |
| Source of classification or shelving scheme | Dewey Decimal Classification |
| Item type | English Books |
| Classification part | 362.10954 |
| Call number suffix | KAR |
| Withdrawn status | Lost status | Not for loan | Collection code | Home library | Current library | Date acquired | Source of acquisition | Cost, normal purchase price | Full call number | Barcode | Copy number | Cost, replacement price | Koha item type |
|---|---|---|---|---|---|---|---|---|---|---|---|---|---|
| Not For Loan | Non-fiction | D.B.Act.Division | D.B.Act.Division | 12/08/2010 | DBAD/PUB | 395.00 | 362.10954 KAR | EN-83338 | 1 | 395.00 | English Books |
